书目信息 |
| 题名: |
建筑电气控制技术
|
|
| 作者: | 苏山 , 魏华 , 韦宇 主编 | |
| 分册: | ||
| 出版信息: | 北京 电子工业出版社 2020.12 |
|
| 页数: | 248页 | |
| 开本: | 26cm | |
| 丛书名: | ||
| 单 册: | ||
| 中图分类: | TU85 | |
| 科图分类: | ||
| 主题词: | 房屋建筑设备--电气控制--高等职业教育--教材 | |
| 电子资源: | ||
| ISBN: | 978-7-121-35882-1 | |
| 000 | 00999nam0 2200277 45 | |
| 001 | 012001001676 | |
| 005 | 20211013150243.39 | |
| 010 | @a978-7-121-35882-1@dCNY52.00 | |
| 100 | @a20201105d2020 em y0chiy50 ea | |
| 101 | 0 | @achi |
| 102 | @aCN@b110000 | |
| 105 | @aa z 000yy | |
| 106 | @ar | |
| 200 | 1 | @a建筑电气控制技术@Ajian zhu dian qi kong zhi ji shu@b专著@f苏山,魏华,韦宇主编 |
| 205 | @a2版 | |
| 210 | @a北京@c电子工业出版社@d2020.12 | |
| 215 | @a248页@c图@d26cm | |
| 300 | @a高等职业院校精品教材系列 | |
| 330 | @a本书共9章,不仅优化和调整了许多原有课程内容,还增加了如双电源切换装置、控制与保护开关电器、软启动控制、变频启动控制、消火栓泵的典型控制、排水设备的控制、通风排烟设备的控制、电气控制设计中的电气保护等内容。 | |
| 606 | 0 | @a房屋建筑设备@x电气控制@x高等职业教育@j教材 |
| 690 | @aTU85@v5 | |
| 701 | 0 | @a苏山@Asu shan@4主编 |
| 701 | 0 | @a魏华@Awei hua@4主编 |
| 701 | 0 | @a韦宇@Awei yu@4主编 |
| 801 | 0 | @aCN@bBJSDL@c20211011 |
| 905 | @b1336779-82@dTU85@e1972=2@f4 | |
| 建筑电气控制技术/苏山,魏华,韦宇主编.-2版.-北京:电子工业出版社,2020.12 |
| 248页:图;26cm |
| 高等职业院校精品教材系列 |
| ISBN 978-7-121-35882-1:CNY52.00 |
| 本书共9章,不仅优化和调整了许多原有课程内容,还增加了如双电源切换装置、控制与保护开关电器、软启动控制、变频启动控制、消火栓泵的典型控制、排水设备的控制、通风排烟设备的控制、电气控制设计中的电气保护等内容。 |
| ● |
| 相关链接 |
|
|
|
|
正题名:建筑电气控制技术
索取号:TU85/1972=2
 
预约/预借
| 序号 | 登录号 | 条形码 | 馆藏地/架位号 | 状态 | 备注 |
| 1 | 1336779 | 213367792 | 第二样本阅览室/ [索取号:TU85/1972=2] | 在馆 | |
| 2 | 1336780 | 213367809 | 第三借阅区/ [索取号:TU85/1972=2] | 在馆 | |
| 3 | 1336781 | 213367818 | 第三借阅区/ [索取号:TU85/1972=2] | 在馆 | |
| 4 | 1336782 | 213367827 | 第三借阅区/ [索取号:TU85/1972=2] | 在馆 |